Schattengefechte : (Titelsatznr. 25718)
[ MARC ]
| 000 -Satzkennung | |
|---|---|
| Kontrollfeld mit fester Länge | 00742nam a22002411c 4500 |
| 001 - Kontrollnummer | |
| Kontrollfeld | 9783835310711-nbs |
| 008 - Feld mit fester Länge zur physischen Beschreibung - Allgemeine Angaben | |
| Kontrollfeld mit fester Länge | 150126s2012 gw |||| 000u ger d |
| 020 ## - Internationale Standardbuchnummer | |
| Internationale Standardbuchnummer | 9783835310711 |
| Verknüpfung | 978-3-8353-1071-1 |
| 041 ## - Sprachcode | |
| Sprachcode des Textes/der Tonspur oder des separaten Titels | ger |
| 040 ## - Katalogisierungsquelle | |
| Übertragungsstelle | RU-10907106 |
| 003 - Kontrollnummer Identifier | |
| Kontrollfeld | RU-10907106 |
| 100 1# - Haupteintragung - Personenname | |
| Personenname | Echterhölter, Anna |
| 245 00 - Titel | |
| Titel | Schattengefechte : |
| Zusatz zum Titel | genealogische Praktiken in Nachrufen auf Naturwissenschaftler (1710-1860) / |
| Verfasserangabe etc. | Echterhölter, Anna |
| 264 ## - Produktion, Veröffentlichung, Distribution, Herstellung und Urheberrechtsvermerk | |
| Herstellungs-, Veröffentlichungs- Vertriebs-, Erzeugungsort | Göttingen : |
| Produzent, Herausgeber, Distributor, Hersteller | Wallstein-Verl., |
| Datum der Herstellung, der Veröffentlichung, des Vertriebs oder des Urheberschutzvermerks | 2012 |
| 300 ## - Physische Beschreibung | |
| Umfang | 365 S. |
| 490 #0 - Gesamttitelangabe | |
| Gesamttitelangabe | Wissenschaftsgeschichte |
| 502 ## - Dissertationsvermerk | |
| Dissertationsvermerk | Zugl.: Berlin, Humboldt-Univ., Diss., 2009 |
| 648 #0 - Nebeneintragung unter einem Schlagwort - Zeitschlagwort | |
| Zeitschlagwort | 1710-1860 |
| 650 #0 - Nebeneintragung unter einem Schlagwort - Sachschlagwort | |
| Sachschlagwort oder geografischer Name als Eintragungselement | Nachruf |
| 650 #0 - Nebeneintragung unter einem Schlagwort - Sachschlagwort | |
| Sachschlagwort oder geografischer Name als Eintragungselement | Naturwissenschaftler |
| 655 #0 - Indexierungsterm - Genre/Form | |
| Genre/Form oder fokussierter Term | Hochschulschrift |
| 942 ## - Zusätzliche Felder (Koha) | |
| Koha-Medientyp | Monographien |
| Ausgeschieden | Verloren | Klassifikation oder Aufstellungssystematik | Beschädigt | Nicht entleihbar | Heimatbibliothek | Aufenthaltsbibliothek | Aufstellungsort | Erwerbungsdatum | Inventarnummer | Signatur | Barcode | Letzte Aktivität | Preis gültig von | Koha-Medientyp |
|---|---|---|---|---|---|---|---|---|---|---|---|---|---|---|
| Andere/Generische Klassifikation | MWN Osteuropa | MWN Osteuropa | Lesesaal - 1 | 26/01/2015 | 15-00304 | W 50 E t Echt | E0040150790E6DC4 | 23/02/2021 | 22/03/2021 | Monographien |